[Event "TUR-chT 1st League"]
[Site "Konya"]
[Date "2017.07.20"]
[Round "5.4"]
[White "Mutlu, Beste"]
[Black "Ince, Safiye Oyku"]
[Result "1/2-1/2"]
[WhiteElo "1712"]
[BlackElo "1740"]
[PlyCount "53"]
[EventDate "2017.07.17"]
[EventType "team-swiss"]
[EventRounds "9"]
[EventCountry "TUR"]
[SourceTitle "CBM 179 Extra"]
[Source "ChessBase"]
[SourceDate "2017.08.23"]
[SourceVersion "1"]
[SourceVersionDate "2017.08.23"]
[SourceQuality "1"]
[WhiteTeam "Manisa Turkuaz"]
[BlackTeam "Ankara Dernegi"]
[WhiteTeamCountry "TUR"]
[BlackTeamCountry "TUR"]

1. e4 c5 2. Nf3 e6 3. d3 Nc6 4. g3 g6 5. Bg2 Bg7 6. 0-0 Nge7 7. c3 d5 8. Qe2 0-0 9. Re1 d4 10. c4 e5 11. Nh4 f5 12. exf5 Nxf5 13. Nxf5 Bxf5 14. a3 Qb6 15. Nd2 Na5 16. b4 cxb4 17. axb4 Qxb4 18. Ba3 Qb6 19. Bxf8 Rxf8 20. Reb1 Qc7 21. Ne4 b6 22. Qb2 Bg4 23. Qa2 Be6 24. Ng5 Bf5 25. Ne4 Be6 26. Ng5 Bf5 27. Ne4 1/2-1/2

[Event "TUR-chT 1st League"]
[Site "Konya"]
[Date "2017.07.18"]
[Round "3.2"]
[White "Mutlu, Beste"]
[Black "Sahin, Hayrun Nisa"]
[Result "0-1"]
[WhiteElo "1712"]
[BlackElo "1576"]
[PlyCount "78"]
[EventDate "2017.07.17"]
[EventType "team-swiss"]
[EventRounds "9"]
[EventCountry "TUR"]
[SourceTitle "CBM 179 Extra"]
[Source "ChessBase"]
[SourceDate "2017.08.23"]
[SourceVersion "1"]
[SourceVersionDate "2017.08.23"]
[SourceQuality "1"]
[WhiteTeam "Manisa Turkuaz"]
[BlackTeam "Izmir Rota Koleji"]
[WhiteTeamCountry "TUR"]
[BlackTeamCountry "TUR"]

1. e4 c5 2. Nf3 g6 3. d4 cxd4 4. Nxd4 Bg7 5. c4 Nc6 6. Be3 Nf6 7. Nc3 d6 8. Be2 Nxd4 9. Bxd4 a5 10. 0-0 0-0 11. b3 Nd7 12. Bxg7 Kxg7 13. Kh1 Nc5 14. Qd4+ Kg8 15. f4 Ne6 16. Qe3 Ng7 17. Rad1 Bd7 18. Nd5 Bc6 19. c5 Bxd5 20. Rxd5 Qc7 21. cxd6 exd6 22. Qd2 Rfd8 23. Rc1 Qe7 24. Rxa5 Qxe4 25. Bf3 Qe7 26. Rb5 Rd7 27. g3 Rb8 28. a4 Ne6 29. a5 Rdd8 30. Bd5 Qd7 31. Rb6 Nc5 32. Rd1 Qe7 33. Re1 Qc7 34. Qg2 Nd7 35. Rxb7 Rxb7 36. Bxb7 Qxa5 37. Re7 Nf6 38. Qb2 Nd5 39. Re1 Qxe1+ 0-1

[Event "EU-ch U16 Girls 26th"]
[Site "Prague"]
[Date "2016.08.18"]
[Round "1"]
[White "Mutlu, Beste"]
[Black "Olde, Margareth"]
[Result "0-1"]
[WhiteElo "1759"]
[BlackElo "2059"]
[PlyCount "52"]
[EventDate "2016.08.18"]
[EventType "swiss"]
[EventRounds "9"]
[EventCountry "CZE"]
[SourceTitle "CBM 174 Extra"]
[Source "ChessBase"]
[SourceDate "2016.10.10"]
[SourceVersion "1"]
[SourceVersionDate "2016.10.10"]
[SourceQuality "1"]

1. e4 c5 2. Nf3 a6 3. c4 Nc6 4. d4 cxd4 5. Nxd4 d6 6. Nc3 Nf6 7. Be2 e6 8. Be3 Be7 9. 0-0 0-0 10. f3 Bd7 11. Qd2 Rc8 12. Nxc6 Bxc6 13. Rfd1 Qc7 14. Bd4 Rfd8 15. Rac1 Qb8 16. Bb6 Re8 17. b4 Nd7 18. Bd4 b6 19. a3 Red8 20. Bf1 Bf6 21. Qf2 Bxd4 22. Qxd4 Ne5 23. a4 Ba8 24. Na2 h6 25. Qe3 Qb7 26. Nc3 Nxc4 0-1

[Event "TUR-chT"]
[Site "Izmir"]
[Date "2016.07.31"]
[Round "8.6"]
[White "Nechaeva, Marina"]
[Black "Mutlu, Beste"]
[Result "1-0"]
[WhiteElo "2410"]
[BlackElo "1759"]
[PlyCount "79"]
[EventDate "2016.07.25"]
[EventType "team-swiss"]
[EventRounds "13"]
[EventCountry "TUR"]
[SourceTitle "CBM 173 Extra"]
[Source "ChessBase"]
[SourceDate "2016.08.29"]
[SourceVersion "1"]
[SourceVersionDate "2016.08.29"]
[SourceQuality "1"]
[WhiteTeam "Tas Duvar"]
[BlackTeam "Onur Koleji Genc"]
[WhiteTeamCountry "TUR"]
[BlackTeamCountry "TUR"]

1. d4 Nf6 2. c4 g6 3. Nc3 Bg7 4. e4 d6 5. f3 0-0 6. Nge2 Nc6 7. Be3 a6 8. Qd2 Na5 9. Nc1 Nd7 10. Nb3 Nxb3 11. axb3 c5 12. dxc5 Nxc5 13. Ra3 Be6 14. Be2 a5 15. 0-0 Re8 16. Rfa1 b6 17. b4 Nd7 18. Nd5 Bxd5 19. cxd5 Rb8 20. Bb5 axb4 21. Ra7 Nc5 22. Bxe8 Nb3 23. Qxb4 Nxa1 24. Ba4 b5 25. Bd1 Ra8 26. Rxa8 Qxa8 27. Qa3 Qxa3 28. bxa3 Bc3 29. Kf1 e5 30. Ke2 f5 31. Bd2 Bb2 32. Bb4 fxe4 33. fxe4 Kf7 34. Bxd6 Kf6 35. Kd3 h5 36. Bb4 Bd4 37. Bc3 Bc5 38. Bxa1 Bxa3 39. Bc3 Ke7 40. Bxe5 1-0

[Event "TUR-chT"]
[Site "Izmir"]
[Date "2016.07.29"]
[Round "6.3"]
[White "Mutlu, Beste"]
[Black "Dogan, Sevval"]
[Result "0-1"]
[WhiteElo "1759"]
[BlackElo "1803"]
[PlyCount "120"]
[EventDate "2016.07.25"]
[EventType "team-swiss"]
[EventRounds "13"]
[EventCountry "TUR"]
[SourceTitle "CBM 173 Extra"]
[Source "ChessBase"]
[SourceDate "2016.08.29"]
[SourceVersion "1"]
[SourceVersionDate "2016.08.29"]
[SourceQuality "1"]
[WhiteTeam "Onur Koleji Genc"]
[BlackTeam "Turk Hava Yollari"]
[WhiteTeamCountry "TUR"]
[BlackTeamCountry "TUR"]

1. e4 c5 2. Nf3 Nc6 3. Bb5 e6 4. 0-0 Nge7 5. Re1 a6 6. Bf1 d5 7. e5 Ng6 8. d3 Be7 9. c3 b6 10. g3 Bb7 11. Bg2 Qc7 12. Qe2 0-0-0 13. a3 Na5 14. Nbd2 c4 15. dxc4 dxc4 16. Nd4 Bxg2 17. Kxg2 Rd5 18. f4 Rhd8 19. N2f3 Qb7 20. Be3 Bc5 21. Kg1 Ne7 22. Rad1 h6 23. Bf2 g6 24. Rf1 Nec6 25. Rfe1 Nxd4 26. Nxd4 Bxd4 27. Rxd4 Rxd4 28. Bxd4 Qc6 29. Qf2 Kb7 30. Qe3 Nb3 31. Qe4 Qxe4 32. Rxe4 Nd2 33. Re3 Nb3 34. Re4 b5 35. Kf2 Kc6 36. Ke1 Nc1 37. Kd1 Kd5 38. Re3 Nb3 39. Re2 Nxd4 40. cxd4 a5 41. Kc2 b4 42. axb4 axb4 43. Re1 Ra8 44. Rd1 Ra2 45. Kb1 b3 46. Rc1 Ra7 47. Rd1 Rd7 48. Rc1 Ra7 49. Rd1 Ke4 50. Re1+ Kxd4 51. Rd1+ Ke3 52. Rd8 Rc7 53. Rd6 Rc5 54. Kc1 Ra5 55. Kb1 Rd5 56. Kc1 Ke2 57. g4 Rd3 58. h4 Rf3 59. Rd2+ Ke3 60. Rd1 Rxf4 0-1

[Event "TUR-chT2"]
[Site "Konya"]
[Date "2015.07.30"]
[Round "8.5"]
[White "Incecik, Seyma Zeynep"]
[Black "Mutlu, Beste"]
[Result "0-1"]
[WhiteElo "1514"]
[BlackElo "1675"]
[PlyCount "100"]
[EventDate "2015.07.25"]
[EventType "team-swiss"]
[EventRounds "9"]
[EventCountry "TUR"]
[SourceTitle "CBM 167 Extra"]
[Source "ChessBase"]
[SourceDate "2015.09.14"]
[SourceVersion "1"]
[SourceVersionDate "2015.09.14"]
[SourceQuality "1"]
[WhiteTeam "Burdur Callica"]
[BlackTeam "Mersin Ezgi"]
[WhiteTeamCountry "TUR"]
[BlackTeamCountry "TUR"]

1. e4 d6 2. Nf3 Nf6 3. Nc3 e5 4. d4 Nbd7 5. Bc4 Be7 6. h3 c6 7. Bb3 b5 8. d5 c5 9. Nxb5 Qa5+ 10. Nc3 Nxe4 11. Qd3 Nxc3 12. bxc3 Ba6 13. Qe3 c4 14. Bd2 cxb3 15. cxb3 Qxd5 16. c4 Qc5 17. Qe4 0-0 18. Rc1 f5 19. Qb1 Bb7 20. b4 Qc8 21. Qb3 Kh8 22. 0-0 Bxf3 23. Qxf3 Nf6 24. Bg5 h6 25. Bxf6 Rxf6 26. c5 dxc5 27. bxc5 e4 28. Qf4 Rc6 29. Qe5 Bxc5 30. Kh1 Bd6 31. Qb2 Rb8 32. Rxc6 Qxc6 33. Qd2 Qc5 34. Rd1 Be5 35. Rc1 Qa3 36. Qc2 Qb2 37. Qc5 Bd4 38. Qc7 Bxf2 39. Rc2 Qb6 40. Qf4 e3 41. Kh2 Qb1 42. Rc1 Qxc1 43. Qxb8+ Kh7 44. h4 Qg1+ 45. Kh3 Qh1+ 46. Qh2 Qxh2+ 47. Kxh2 e2 48. h5 e1Q 49. g4 Qg1+ 50. Kh3 Qg3# 0-1

[Event "TUR-chT2"]
[Site "Konya"]
[Date "2015.07.26"]
[Round "2.7"]
[White "Esti, Kubra Selenay"]
[Black "Mutlu, Beste"]
[Result "0-1"]
[WhiteElo "1566"]
[BlackElo "1675"]
[PlyCount "102"]
[EventDate "2015.07.25"]
[EventType "team-swiss"]
[EventRounds "9"]
[EventCountry "TUR"]
[SourceTitle "CBM 167 Extra"]
[Source "ChessBase"]
[SourceDate "2015.09.14"]
[SourceVersion "1"]
[SourceVersionDate "2015.09.14"]
[SourceQuality "1"]
[WhiteTeam "Antalya Deniz Genclik"]
[BlackTeam "Mersin Ezgi"]
[WhiteTeamCountry "TUR"]
[BlackTeamCountry "TUR"]

1. e4 d5 2. exd5 Qxd5 3. Nc3 Qd6 4. d4 c6 5. Nf3 Bg4 6. Be2 Nd7 7. Be3 Ngf6 8. Qd2 e6 9. a3 Qc7 10. Bf4 Bd6 11. Bg3 0-0 12. 0-0 Rad8 13. Bxd6 Qxd6 14. Rad1 a6 15. b4 Qc7 16. Qe3 Nd5 17. Nxd5 cxd5 18. Rc1 Bxf3 19. gxf3 Nb6 20. Kh1 Nc4 21. Bxc4 Qxc4 22. Qd3 Qxd3 23. cxd3 Rc8 24. Rc5 b6 25. Rcc1 Rfd8 26. Kg2 Kf8 27. f4 Ke7 28. Kf3 Kd6 29. Rg1 Rxc1 30. Rxc1 Kd7 31. h4 h5 32. Ke3 g6 33. Kd2 Rc8 34. Rxc8 Kxc8 35. a4 Kd7 36. Ke3 Ke7 37. Ke2 Kf6 38. Ke3 Kf5 39. Kf3 f6 40. Kg3 g5 41. fxg5 fxg5 42. Kh3 Kf4 43. hxg5 Kxg5 44. Kg3 b5 45. a5 Kh6 46. Kh4 Kg6 47. f3 Kh6 48. f4 Kg6 49. Kg3 Kf5 50. Kh4 Kxf4 51. Kxh5 Ke3 0-1

[Event "TUR-chT"]
[Site "Kocaeli"]
[Date "2014.08.26"]
[Round "10.10"]
[White "Hereklioglu, Sude"]
[Black "Mutlu, Beste"]
[Result "0-1"]
[WhiteElo "1846"]
[BlackElo "1629"]
[PlyCount "98"]
[EventDate "2014.08.18"]
[EventType "team-tourn"]
[EventRounds "13"]
[EventCountry "TUR"]
[SourceTitle "CBM 162 Extra"]
[Source "ChessBase"]
[SourceDate "2014.10.17"]
[SourceVersion "1"]
[SourceVersionDate "2014.10.17"]
[SourceQuality "1"]
[WhiteTeam "Istanbul Teknik Uni"]
[BlackTeam "Mersin Ezgi"]
[WhiteTeamCountry "TUR"]
[BlackTeamCountry "TUR"]

1. e4 d6 2. d4 Nf6 3. Nc3 e5 4. Nf3 Nbd7 5. Bc4 Be7 6. 0-0 0-0 7. h3 c6 8. a4 a5 9. Re1 Nb6 10. Bb3 Nfd7 11. Be3 exd4 12. Nxd4 Nc5 13. Qf3 Nxb3 14. cxb3 Be6 15. Rad1 Re8 16. Nxe6 fxe6 17. Qg4 Bf8 18. e5 d5 19. Bg5 Qc7 20. Rd3 Nd7 21. f4 Kh8 22. Rg3 Nc5 23. Kh1 Qf7 24. Rf3 Qf5 25. Qxf5 exf5 26. g4 g6 27. gxf5 gxf5 28. Bf6+ Bg7 29. Bxg7+ Kxg7 30. Rg1+ Kf7 31. Rg5 Ke6 32. Ne2 Rg8 33. Nd4+ Kd7 34. Rxf5 Rg7 35. h4 Ne4 36. e6+ Ke7 37. Re5 Kf6 38. Nf5 Rg4 39. e7 Rxf4 40. Rxd5 cxd5 41. Rxf4 Ke5 42. Rf3 Re8 43. Kg2 d4 44. Nh6 Rxe7 45. Rf5+ Ke6 46. Rxa5 d3 47. Kf3 d2 48. Ke2 Rd7 49. Kd1 Nf2+ 0-1

[Event "TUR-chT"]
[Site "Kocaeli"]
[Date "2014.08.22"]
[Round "5.2"]
[White "Dogan, Sevval"]
[Black "Mutlu, Beste"]
[Result "1-0"]
[WhiteElo "1651"]
[BlackElo "1629"]
[PlyCount "79"]
[EventDate "2014.08.18"]
[EventType "team-tourn"]
[EventRounds "13"]
[EventCountry "TUR"]
[SourceTitle "CBM 162 Extra"]
[Source "ChessBase"]
[SourceDate "2014.10.17"]
[SourceVersion "1"]
[SourceVersionDate "2014.10.17"]
[SourceQuality "1"]
[WhiteTeam "Kahramanmaras Buyuksehir"]
[BlackTeam "Mersin Ezgi"]
[WhiteTeamCountry "TUR"]
[BlackTeamCountry "TUR"]

1. e4 d6 2. d4 Nf6 3. Nc3 e5 4. Nf3 Nbd7 5. Bc4 Be7 6. 0-0 0-0 7. Re1 c6 8. a4 a5 9. h3 Nb6 10. Bb3 Nfd7 11. d5 Nc5 12. dxc6 bxc6 13. Ba2 Be6 14. Bxe6 fxe6 15. Be3 Nbd7 16. Bxc5 Nxc5 17. Qe2 Qc7 18. Rad1 Bf6 19. Qe3 Rae8 20. b3 Qe7 21. Nb1 Qc7 22. Na3 Rb8 23. Nc4 Nb7 24. Qd2 Rbd8 25. Qe3 Rfe8 26. Re2 Re7 27. Qa7 c5 28. Qb6 Qxb6 29. Nxb6 g6 30. Red2 Rc7 31. Nc4 Be7 32. Kf1 Kg7 33. h4 h6 34. g3 Rc6 35. Kg2 Kf7 36. Nfxe5+ dxe5 37. Nxe5+ Kg7 38. Nxc6 Rxd2 39. Rxd2 Bd6 40. e5 1-0

[Event "TUR-chT"]
[Site "Kocaeli"]
[Date "2014.08.18"]
[Round "1.4"]
[White "Ozbay, Ece"]
[Black "Mutlu, Beste"]
[Result "1-0"]
[WhiteElo "1611"]
[BlackElo "1629"]
[PlyCount "73"]
[EventDate "2014.08.18"]
[EventType "team-tourn"]
[EventRounds "13"]
[EventCountry "TUR"]
[SourceTitle "CBM 162 Extra"]
[Source "ChessBase"]
[SourceDate "2014.10.17"]
[SourceVersion "1"]
[SourceVersionDate "2014.10.17"]
[SourceQuality "1"]
[WhiteTeam "TS Alyans"]
[BlackTeam "Mersin Ezgi"]
[WhiteTeamCountry "TUR"]
[BlackTeamCountry "TUR"]

1. e4 d6 2. d4 Nf6 3. Nc3 e5 4. dxe5 dxe5 5. Qxd8+ Kxd8 6. Bc4 Ke8 7. Nf3 Bd6 8. Bg5 a6 9. a4 Kf8 10. Bxf6 gxf6 11. 0-0-0 Be6 12. Bb3 Nd7 13. Nd5 Nc5 14. Rhe1 Nxb3+ 15. cxb3 h5 16. Kc2 Kg7 17. Nh4 Rad8 18. Re3 Bxd5 19. Rxd5 Bb4 20. Red3 Rxd5 21. Rxd5 Re8 22. Rd7 Ba5 23. Nf5+ Kg6 24. Ne7+ Kg7 25. Nd5 Re6 26. b4 Bb6 27. a5 Bxf2 28. Rxc7 Rc6+ 29. Rxc6 bxc6 30. Nc7 c5 31. bxc5 Bxc5 32. Nxa6 Bd4 33. b4 f5 34. Nc5 fxe4 35. a6 e3 36. a7 e2 37. Kd2 1-0

[Event "TUR-chT"]
[Site "Denizli"]
[Date "2013.07.07"]
[Round "10.8"]
[White "Paikidze, Nazi"]
[Black "Mutlu, Beste"]
[Result "1-0"]
[WhiteElo "2368"]
[BlackElo "1645"]
[PlyCount "72"]
[EventDate "2013.06.29"]
[EventType "team-tourn"]
[EventRounds "13"]
[EventCountry "TUR"]
[SourceTitle "CBM 155 Extra"]
[Source "ChessBase"]
[SourceDate "2013.08.26"]
[SourceVersion "1"]
[SourceVersionDate "2013.08.26"]
[SourceQuality "1"]
[WhiteTeam "Alyans Satranc"]
[BlackTeam "Ezgi Kulubu"]
[WhiteTeamCountry "TUR"]
[BlackTeamCountry "TUR"]

1. d4 Nf6 2. Nf3 c5 3. e3 Qc7 4. c3 g6 5. Nbd2 Bg7 6. Bd3 0-0 7. 0-0 d6 8. Qe2 cxd4 9. exd4 Nc6 10. Ne4 Nd5 11. Bc4 Nb6 12. Bb3 h6 13. Ng3 Kh7 14. Rd1 Bd7 15. h4 d5 16. Bc2 Kg8 17. h5 Qd6 18. hxg6 fxg6 19. Nh4 Rf6 20. f4 Raf8 21. Qd3 Be8 22. Rf1 Nc4 23. b3 Nb6 24. a4 a5 25. Nf3 Qd7 26. Ne5 Nxe5 27. dxe5 Rc6 28. Ne2 Qf5 29. Qd2 Qc8 30. Rf3 Qd7 31. Nd4 Rc8 32. Ba3 Kh8 33. f5 gxf5 34. Bxf5 Qc7 35. Ne6 Qxe5 36. Nxf8 Rxc3 1-0

[Event "TUR-chT"]
[Site "Denizli"]
[Date "2013.07.06"]
[Round "8.8"]
[White "Kaya, Emel"]
[Black "Mutlu, Beste"]
[Result "1-0"]
[WhiteElo "1993"]
[BlackElo "1645"]
[PlyCount "91"]
[EventDate "2013.06.29"]
[EventType "team-tourn"]
[EventRounds "13"]
[EventCountry "TUR"]
[SourceTitle "CBM 155 Extra"]
[Source "ChessBase"]
[SourceDate "2013.08.26"]
[SourceVersion "1"]
[SourceVersionDate "2013.08.26"]
[SourceQuality "1"]
[WhiteTeam "Pera Spor"]
[BlackTeam "Ezgi Kulubu"]
[WhiteTeamCountry "TUR"]
[BlackTeamCountry "TUR"]

1. d4 Nf6 2. c4 c5 3. Nf3 cxd4 4. Nxd4 g6 5. Nc3 Nc6 6. e4 d6 7. Be2 Bg7 8. Be3 0-0 9. 0-0 Bd7 10. Qd2 Rc8 11. Rfc1 a6 12. f3 Re8 13. Rab1 Ne5 14. b3 Qc7 15. Kh1 Qd8 16. Nd5 Nxd5 17. cxd5 Rxc1+ 18. Rxc1 Bc8 19. b4 Nd7 20. Nb3 Nf6 21. b5 axb5 22. Bxb5 Bd7 23. Qb4 Qb8 24. Bxd7 Nxd7 25. Qb5 Ne5 26. Na5 Qa8 27. a4 Rc8 28. Rb1 Rc3 29. Bd4 Rd3 30. Bxe5 Bxe5 31. Qxd3 Qxa5 32. Qc2 Kg7 33. g3 Qa6 34. Kg2 Bf6 35. Rb4 Be5 36. Qc4 Qa5 37. Qb5 Qc7 38. Rc4 Qb8 39. a5 Qa8 40. Rc7 Bf6 41. Rxb7 Qc8 42. Qc6 Qd8 43. Rc7 Bd4 44. a6 Qb8 45. Qb7 Qe8 46. Rxe7 1-0

[Event "EU-ch U12 Girls"]
[Site "Prague"]
[Date "2012.08.21"]
[Round "5"]
[White "Panainte, Andreea Bianca"]
[Black "Mutlu, Beste"]
[Result "1/2-1/2"]
[WhiteElo "1465"]
[BlackElo "1646"]
[PlyCount "72"]
[EventDate "2012.08.17"]
[EventType "swiss"]
[EventRounds "9"]
[EventCountry "CZE"]
[SourceTitle "CBM 150 Extra"]
[Source "ChessBase"]
[SourceDate "2012.10.19"]
[SourceVersion "1"]
[SourceVersionDate "2012.10.19"]
[SourceQuality "1"]

1. e4 d5 2. exd5 Qxd5 3. Nc3 Qd6 4. d4 c6 5. Nf3 Bg4 6. Be2 Nd7 7. h3 Bh5 8. Ne4 Qc7 9. Ng3 Bg6 10. Nh4 Ngf6 11. Nxg6 hxg6 12. Bf3 e6 13. 0-0 Bd6 14. Ne4 Nxe4 15. Bxe4 Nf6 16. Bf3 0-0 17. c4 Rad8 18. Qe2 Bf4 19. Bxf4 Qxf4 20. Rad1 Rxd4 21. Rxd4 Qxd4 22. Rd1 Qc5 23. a3 a5 24. Rb1 Rd8 25. b4 Qf5 26. Rd1 Rc8 27. Qd2 axb4 28. Qxb4 b5 29. cxb5 cxb5 30. Rb1 Rc5 31. Rd1 Rc8 32. Rb1 Rc5 33. Rd1 Rc8 34. Rb1 Rc5 35. Rd1 Rc8 36. Rb1 Rc5 1/2-1/2

[Event "EU-ch U12 Girls"]
[Site "Albena"]
[Date "2011.09.19"]
[Round "8"]
[White "Gueci, Tea"]
[Black "Mutlu, Beste"]
[Result "1-0"]
[WhiteElo "1773"]
[BlackElo "1519"]
[PlyCount "61"]
[EventDate "2011.09.11"]
[EventType "swiss"]
[EventRounds "9"]
[EventCountry "BUL"]
[SourceTitle "CBM 144 Extra"]
[Source "ChessBase"]
[SourceDate "2011.10.28"]
[SourceVersion "1"]
[SourceVersionDate "2011.10.28"]
[SourceQuality "1"]

1. e4 c5 2. Nf3 d6 3. d4 cxd4 4. Nxd4 Nf6 5. Nc3 a6 6. Bc4 e6 7. Bb3 Be7 8. Bg5 h6 9. Be3 e5 10. Nf5 Bxf5 11. exf5 0-0 12. g4 Nfd7 13. Qf3 Nc6 14. Rd1 Qa5 15. h4 Nc5 16. g5 Nxb3 17. axb3 g6 18. gxh6 Kh7 19. h5 e4 20. hxg6+ fxg6 21. fxg6+ Kxg6 22. Qg4+ Kf7 23. Rh5 Qb4 24. Qg7+ Ke8 25. h7 Bf6 26. h8Q Bxg7 27. Qxg7 Rd8 28. Bh6 Rf7 29. Qg8+ Ke7 30. Bg5+ Ke6 31. Rh6+ 1-0

[Event "EU-ch U12 Girls"]
[Site "Albena"]
[Date "2011.09.17"]
[Round "6"]
[White "Graf, Clara Victoria"]
[Black "Mutlu, Beste"]
[Result "1/2-1/2"]
[WhiteElo "1701"]
[BlackElo "1519"]
[PlyCount "91"]
[EventDate "2011.09.11"]
[EventType "swiss"]
[EventRounds "9"]
[EventCountry "BUL"]
[SourceTitle "CBM 144 Extra"]
[Source "ChessBase"]
[SourceDate "2011.10.28"]
[SourceVersion "1"]
[SourceVersionDate "2011.10.28"]
[SourceQuality "1"]

1. e4 c5 2. Nf3 d6 3. d4 cxd4 4. Nxd4 Nf6 5. Nc3 a6 6. a4 e5 7. Nf3 Be7 8. Bg5 Nbd7 9. Bc4 h6 10. Bxf6 Nxf6 11. 0-0 0-0 12. Re1 Bd7 13. Nd2 Rc8 14. Qe2 Qb6 15. Bb3 Bg4 16. Qe3 Qc5 17. Nf1 Bh5 18. Qxc5 dxc5 19. Ne3 Rfe8 20. Ncd5 Nxd5 21. Bxd5 Rc7 22. a5 Kh8 23. Nc4 Bf8 24. Ra3 f6 25. Rb3 Bf7 26. Bxf7 Rxf7 27. Rd1 Rb8 28. Nb6 Rc7 29. Rd7 Rc6 30. Nd5 c4 31. Rbxb7 Rxb7 32. Rxb7 Rc5 33. g3 Rxa5 34. c3 Rb5 35. Rxb5 axb5 36. Kf1 Kg8 37. Ke2 Kf7 38. Kd2 Bd6 39. h4 Ke6 40. f4 f5 41. Ke3 g6 42. Kf3 h5 43. Ne3 Bc5 44. exf5+ gxf5 45. fxe5 Kxe5 46. Ng2 1/2-1/2

[Event "EU-ch U12 Girls"]
[Site "Albena"]
[Date "2011.09.13"]
[Round "3"]
[White "Mutlu, Beste"]
[Black "Mammadzada, Gunay Vuqar Qizi"]
[Result "0-1"]
[WhiteElo "1519"]
[BlackElo "1861"]
[PlyCount "58"]
[EventDate "2011.09.11"]
[EventType "swiss"]
[EventRounds "9"]
[EventCountry "BUL"]
[SourceTitle "CBM 144 Extra"]
[Source "ChessBase"]
[SourceDate "2011.10.28"]
[SourceVersion "1"]
[SourceVersionDate "2011.10.28"]
[SourceQuality "1"]

1. e4 c5 2. Nf3 e6 3. d4 cxd4 4. Nxd4 d6 5. Bd3 Nf6 6. Nc3 a6 7. Bd2 Be7 8. Qe2 Qc7 9. Nb3 b5 10. a3 Bb7 11. 0-0-0 Nc6 12. f4 b4 13. axb4 Nxb4 14. Rhe1 0-0 15. h3 d5 16. exd5 Nfxd5 17. Nxd5 Bxd5 18. Nd4 Qa5 19. c3 Qa1+ 20. Bb1 Ba2 21. Qe4 f5 22. Qxe6+ Bxe6 23. Rxe6 Nd5 24. Nb3 Qa4 25. Nd4 Rab8 26. Re2 Rxb2 27. Be1 Rxb1+ 28. Kxb1 Qxd1+ 29. Kb2 Rb8+ 0-1

[Event "TUR-chT"]
[Site "Konya"]
[Date "2011.07.09"]
[Round "13"]
[White "Mutlu, Beste"]
[Black "Menzi, Nezihe Ezgi"]
[Result "0-1"]
[WhiteElo "1548"]
[BlackElo "1868"]
[PlyCount "84"]
[EventDate "2011.06.28"]
[EventType "team-swiss"]
[EventRounds "13"]
[EventCountry "TUR"]
[SourceTitle "CBM 143 Extra"]
[Source "ChessBase"]
[SourceDate "2011.08.29"]
[SourceVersion "1"]
[SourceVersionDate "2011.08.29"]
[SourceQuality "1"]
[WhiteTeam "Mersin Ezgi"]
[BlackTeam "Yapi Kredi"]
[WhiteTeamCountry "TUR"]
[BlackTeamCountry "TUR"]

1. e4 c5 2. Nf3 d6 3. d4 cxd4 4. Nxd4 Nf6 5. Nc3 g6 6. Be3 Bg7 7. f3 Nc6 8. Qd2 0-0 9. Bc4 Bd7 10. g4 Ne5 11. Bb3 Qa5 12. 0-0-0 Rfc8 13. h4 Rc4 14. Qe2 Rxc3 15. bxc3 Qxc3 16. Kb1 a5 17. Bc1 a4 18. Bb2 Qc7 19. Bd5 e6 20. Bxe6 Bxe6 21. Nxe6 fxe6 22. Bxe5 dxe5 23. Rd3 Nd7 24. Rhd1 Nc5 25. Rd6 Bf8 26. R6d2 a3 27. c4 Na4 28. Rc2 Bc5 29. Rd3 Ra6 30. Rb3 Rb6 31. Qd3 Bd4 32. Rxb6 Qxb6+ 33. Kc1 Nc3 34. Kd2 Nb1+ 35. Kd1 Qb4 36. Ke2 Nc3+ 37. Kf1 Qb1+ 38. Kg2 Nxa2 39. Qd2 Nb4 40. Rc1 Qb2 41. Qxb2 axb2 42. Rb1 Nc2 0-1

[Event "TUR-chT"]
[Site "Konya"]
[Date "2011.07.05"]
[Round "9"]
[White "Mutlu, Beste"]
[Black "Morgul, Elcin"]
[Result "0-1"]
[WhiteElo "1548"]
[BlackElo "1723"]
[PlyCount "47"]
[EventDate "2011.06.28"]
[EventType "team-swiss"]
[EventRounds "13"]
[EventCountry "TUR"]
[SourceTitle "CBM 143 Extra"]
[Source "ChessBase"]
[SourceDate "2011.08.29"]
[SourceVersion "1"]
[SourceVersionDate "2011.08.29"]
[SourceQuality "1"]
[WhiteTeam "Mersin Ezgi"]
[BlackTeam "Celikkol Turizm Pamukkale"]
[WhiteTeamCountry "TUR"]
[BlackTeamCountry "TUR"]

1. e4 d5 2. exd5 Qxd5 3. Nc3 Qd6 4. d4 Nf6 5. Nf3 a6 6. Be2 Nc6 7. 0-0 Bg4 8. Be3 0-0-0 9. Ng5 Be6 10. Nf3 h6 11. h3 g5 12. Nb1 g4 13. hxg4 Nxg4 14. c3 Bd5 15. Nbd2 Rg8 16. c4 Bxf3 17. Nxf3 Nxe3 18. fxe3 Qg3 19. Rf2 h5 20. d5 Bh6 21. Qd3 e6 22. Qb3 Ne5 23. Nxe5 Bxe3 24. Raf1 0-1